Województwa Polski po angielsku - Statystyki

Ogólne statystyki
  • Ten quiz został rozwiązany 21 razy
  • Średni wynik to 6 z 16
Statystyki odpowiedzi
Polski Angielski % Poprawnych
Śląskie Silesia
84%
Łódzkie Łódź
74%
Opolskie Opole
58%
Podlaskie Podlaskie
53%
Wielkopolskie Greater Poland
47%
Lubelskie Lublin
47%
Mazowieckie Masovia
42%
Pomorskie Pomerania
42%
Małopolskie Lesser Poland
37%
Dolnośląskie Lower Silesia
37%
Lubuskie Lubusz
37%
Zachodniopomorskie West Pomerania
32%
Świętokrzyskie Świętokrzyskie
26%
Podkarpackie Subcarpathia
16%
Warmińsko-mazurskie Warmia-Masuria
5%
Kujawsko-pomorskie Kuyavia-Pomerania
0%
Nie znaleziono quizów pasujących do podanych kryteriów
Rozkład punktacji
Procent ludzi z każdym wynikiem
Percentyl według liczby udzielonych odpowiedzi
Twoja historia wyników
Nie rozwiązałeś tego quizu